Ile dany miesiąc ma dni? (2023r.) - Statystyki

Ogólne statystyki
  • Ten quiz został rozwiązany 769 razy
  • Średni wynik to 11 z 12
Statystyki odpowiedzi
Wskazówka Odpowiedź % Poprawnych
Luty 28
100%
Styczeń 31
100%
Marzec 31
99%
Kwiecień 30
98%
Czerwiec 30
97%
Maj 31
97%
Lipiec 31
96%
Sierpień 31
94%
Wrzesień 30
93%
Październik 31
91%
Listopad 30
90%
Grudzień 31
88%
Nie znaleziono quizów pasujących do podanych kryteriów
Rozkład punktacji
Procent ludzi z każdym wynikiem
Percentyl według liczby udzielonych odpowiedzi
Twoja historia wyników
Nie rozwiązałeś tego quizu